[Event "Rheinhessen-ch U16/U18"]
[Site "Heidesheim"]
[Date "2014.01.07"]
[Round "1"]
[White "Sahin, Umut"]
[Black "Koehler, Robin"]
[Result "0-1"]
[WhiteElo "882"]
[BlackElo "1274"]
[PlyCount "114"]
[EventDate "2014.01.07"]
[EventType "swiss"]
[EventRounds "7"]
[EventCountry "GER"]
[SourceTitle "EXT 2015"]
[Source "ChessBase"]
[SourceDate "2014.11.20"]
[SourceVersion "1"]
[SourceVersionDate "2014.11.20"]
[SourceQuality "1"]

1. e4 g6 2. d3 Bg7 3. Be3 Bxb2 4. Nd2 b6 5. Rb1 Bg7 6. Be2 Bb7 7. Bf3 e6 8. Ne2 d5 9. exd5 Bxd5 10. a3 Ne7 11. Nc3 Bxc3 12. Bh6 Nf5 13. Bxd5 Qxd5 14. Rb3 Qxg2 15. Rf1 Nxh6 16. Rxc3 Qd5 17. Qa1 0-0 18. Rxc7 Nc6 19. Qc3 Qe5+ 20. Qxe5 Nxe5 21. Rg1 Rfc8 22. Rxc8+ Rxc8 23. f4 Neg4 24. h3 Nf6 25. c4 Nh5 26. Rf1 Rd8 27. Rf3 Nf5 28. Nf1 Nd4 29. Rf2 Nb3 30. Rf3 Rd4 31. Ke2 Nc1+ 32. Kd2 Rxd3+ 33. Rxd3 Nxd3 34. Kxd3 Nxf4+ 35. Kd4 f6 36. h4 e5+ 37. Ke4 Kf7 38. Ng3 Ke6 39. Ke3 Ng2+ 40. Kd2 Nxh4 41. Kc3 Nf5 42. Ne4 Nd6 43. Nxd6 Kxd6 44. Kb4 a6 45. c5+ bxc5+ 46. Ka5 c4 47. Kb4 c3 48. Kxc3 Kc5 49. a4 e4 50. Kd2 Kd4 51. a5 e3+ 52. Ke2 h5 53. Kf1 Kd3 54. Ke1 e2 55. Kf2 Kd2 56. Kg3 e1Q+ 57. Kf4 Qe3# 0-1